[Event "Sharjah Challengers 6th"]
[Site "Sharjah"]
[Date "2023.05.23"]
[Round "7"]
[White "Iyti, Basher"]
[Black "Burmakin, Vladimir"]
[Result "0-1"]
[WhiteElo "2346"]
[BlackElo "2496"]
[PlyCount "154"]
[EventDate "2023.05.17"]
[EventType "swiss"]
[EventRounds "9"]
[EventCountry "UAE"]
[SourceTitle "CBM 214 Extra"]
[Source "ChessBase"]
[SourceDate "2023.07.31"]
[SourceVersion "1"]
[SourceVersionDate "2023.07.31"]
[SourceQuality "1"]

1. c3 d5 2. g3 e5 3. Bg2 Nf6 4. d4 exd4 5. cxd4 h6 6. Nc3 Be7 7. Nf3 c6 8. 0-0 Bf5 9. a3 0-0 10. b4 Ne4 11. Bb2 a5 12. b5 Qb6 13. Ne5 Nxc3 14. Bxc3 Qxb5 15. g4 Bh7 16. f4 f6 17. a4 Qb6 18. Nf3 Na6 19. f5 Rae8 20. Rb1 Bb4 21. Ne1 Qc7 22. Bb2 Bd6 23. h3 Qe7 24. Bf3 Nb4 25. Ng2 g5 26. fxg6 Bxg6 27. Nh4 Bh7 28. Nf5 Bxf5 29. gxf5 Kh7 30. Kh1 Rg8 31. Rg1 Qe3 32. Rg6 Qf4 33. Qg1 Qxf5 34. Rg4 Rxg4 35. hxg4 Qg5 36. Qf2 Bf4 37. Bc3 Bd2 38. Bxd2 Qxd2 39. Kg2 Re7 40. Rh1 Nc2 41. Qh4 Qg5 42. Qg3 Nxd4 43. Rh5 Qe3 44. g5 fxg5 45. Qh3 g4 46. Bxg4 Qxh3+ 47. Rxh3 Nxe2 48. Rb3 Nd4 49. Rb6 Rc7 50. Kf2 Kg6 51. Ke3 Kg5 52. Bh3 Nf5+ 53. Kd3 Re7 54. Kc2 h5 55. Kd2 h4 56. Rb1 Ng3 57. Bc8 Rc7 58. Bh3 Kf4 59. Kd3 Ke5 60. Re1+ Ne4 61. Rf1 Rg7 62. Rf5+ Kd6 63. Kc2 Rg3 64. Bf1 Ra3 65. Rh5 Ng3 66. Rh6+ Kc5 67. Bh3 Rxa4 68. Bc8 Rc4+ 69. Kd3 b5 70. Bd7 Kb6 71. Be6 a4 72. Rg6 a3 73. Bxd5 a2 74. Bxc4 bxc4+ 75. Kd2 a1Q 76. Kc2 Qa2+ 77. Kc3 Qb3+ 0-1

[Event "Arab-ch"]
[Site "Khartoum"]
[Date "2023.03.02"]
[Round "6"]
[White "Ahmed Hassan, Ahmed"]
[Black "Iyti, Basher"]
[Result "0-1"]
[WhiteElo "2086"]
[BlackElo "2370"]
[PlyCount "82"]
[EventDate "2023.02.26"]
[EventType "swiss"]
[EventRounds "9"]
[EventCountry "SUD"]
[SourceTitle "CBM 213 Extra"]
[Source "ChessBase"]
[SourceDate "2023.05.31"]
[SourceVersion "1"]
[SourceVersionDate "2023.05.31"]
[SourceQuality "1"]

1. e4 g6 2. d4 c6 3. Nc3 Bg7 4. Nf3 d6 5. h3 Nf6 6. Be3 0-0 7. Qd2 b5 8. a3 Bb7 9. Bd3 Nbd7 10. 0-0 a6 11. b4 c5 12. bxc5 dxc5 13. dxc5 Qc7 14. Bh6 Qxc5 15. Bxg7 Kxg7 16. Rfe1 e5 17. Ne2 h6 18. Ng3 Nb6 19. Nh4 Bc8 20. Re3 Qd4 21. Qe1 Na4 22. Rd1 Qc3 23. Qe2 Qc6 24. Re1 Be6 25. Ngf5+ gxf5 26. exf5 Bd5 27. Rxe5 Rae8 28. f4 Qc5+ 29. Kh2 Qd4 30. Qd2 Rxe5 31. fxe5 Qxh4 32. exf6+ Qxf6 33. Re3 Kh7 34. Qe1 Rg8 35. Rg3 Qd6 36. f6+ Kh8 37. Qf2 Nc5 38. Qe3 Qxg3+ 39. Qxg3 Rxg3 40. Kxg3 Nxd3 41. cxd3 a5 0-1

[Event "Arab-ch"]
[Site "Khartoum"]
[Date "2023.03.02"]
[Round "5"]
[White "Iyti, Basher"]
[Black "Ahmed, Abdul Sattar"]
[Result "0-1"]
[WhiteElo "2370"]
[BlackElo "2196"]
[PlyCount "100"]
[EventDate "2023.02.26"]
[EventType "swiss"]
[EventRounds "9"]
[EventCountry "SUD"]
[SourceTitle "CBM 213 Extra"]
[Source "ChessBase"]
[SourceDate "2023.05.31"]
[SourceVersion "1"]
[SourceVersionDate "2023.05.31"]
[SourceQuality "1"]

1. Nf3 Nf6 2. b4 a5 3. b5 c6 4. e3 d5 5. Bb2 Bg4 6. c4 e6 7. Qa4 Bxf3 8. gxf3 Nfd7 9. cxd5 Nb6 10. Qd4 Nxd5 11. Nc3 Nd7 12. bxc6 bxc6 13. Nxd5 cxd5 14. Bb5 f6 15. f4 Rb8 16. a4 Bb4 17. f5 0-0 18. fxe6 Nc5 19. Bc6 Qe7 20. Bxd5 Rfd8 21. Rg1 Kh8 22. Rd1 Nxa4 23. e4 Nc5 24. Qe3 Nxe6 25. Kf1 Bc5 26. d4 Rxb2 27. dxc5 Nxc5 28. Rg4 Nd7 29. Rh4 Nf8 30. Kg2 a4 31. Rd3 g5 32. Rh6 Ng6 33. Rxg6 hxg6 34. Qd4 Rb4 35. Qc3 Rxe4 36. Bxe4 Qxe4+ 37. Rf3 Rd4 38. Kg1 g4 39. Qc8+ Kg7 40. Qc7+ Kh6 41. Qc1+ Kh5 42. Rxf6 Qd5 43. Rf4 Rd1+ 44. Qxd1 Qxd1+ 45. Kg2 Qf3+ 46. Rxf3 gxf3+ 47. Kg3 a3 48. h3 a2 49. h4 a1Q 50. Kh3 Qf1+ 0-1

[Event "Arab-ch"]
[Site "Khartoum"]
[Date "2023.02.28"]
[Round "4"]
[White "Iyti, Basher"]
[Black "Abdulrahman Mohammad, Al Taher"]
[Result "1-0"]
[WhiteElo "2370"]
[BlackElo "2080"]
[PlyCount "59"]
[EventDate "2023.02.26"]
[EventType "swiss"]
[EventRounds "9"]
[EventCountry "SUD"]
[SourceTitle "CBM 213 Extra"]
[Source "ChessBase"]
[SourceDate "2023.05.31"]
[SourceVersion "1"]
[SourceVersionDate "2023.05.31"]
[SourceQuality "1"]

1. d4 d5 2. Bg5 Nf6 3. c3 e6 4. Nd2 c5 5. e3 Nc6 6. Ngf3 cxd4 7. exd4 Bd6 8. Bd3 0-0 9. 0-0 Ne7 10. Ne5 Qc7 11. Re1 Ng6 12. Re3 Bxe5 13. dxe5 Nd7 14. Bxg6 fxg6 15. Be7 Rf7 16. Bd6 Qb6 17. Nb3 Qd8 18. Nd4 Nb6 19. b3 Bd7 20. Qg4 Qe8 21. Rh3 Nc8 22. Ba3 a5 23. Bc1 Ra6 24. Qh4 h5 25. g4 Rf8 26. gxh5 gxh5 27. Rg3 Qf7 28. Bh6 Qxf2+ 29. Kh1 Rf7 30. Rxg7+ 1-0

[Event "Arab-ch"]
[Site "Khartoum"]
[Date "2023.02.26"]
[Round "1"]
[White "Eltag, Siddig"]
[Black "Iyti, Basher"]
[Result "1-0"]
[WhiteElo "2133"]
[BlackElo "2370"]
[PlyCount "69"]
[EventDate "2023.02.26"]
[EventType "swiss"]
[EventRounds "9"]
[EventCountry "SUD"]
[SourceTitle "CBM 213 Extra"]
[Source "ChessBase"]
[SourceDate "2023.05.31"]
[SourceVersion "1"]
[SourceVersionDate "2023.05.31"]
[SourceQuality "1"]

1. d4 d5 2. c4 c6 3. e3 e6 4. Nf3 Nd7 5. Nc3 f5 6. Bd3 Qf6 7. Qc2 Nh6 8. Bd2 Bd6 9. 0-0-0 0-0 10. Kb1 dxc4 11. Bxc4 Nb6 12. Bb3 Nd5 13. a3 Bd7 14. e4 Nxc3+ 15. Bxc3 fxe4 16. d5 Qe7 17. dxe6 Bxe6 18. Bxe6+ Qxe6 19. Ng5 Qg6 20. Nxe4 Be7 21. f3 Rf7 22. Rd7 Bf8 23. Rhd1 Re8 24. Qb3 Qxg2 25. Ka2 Qg6 26. Rxb7 Kh8 27. Rdd7 Rxd7 28. Rxd7 Re7 29. Rd6 Qh5 30. Ng3 Qh4 31. Rxc6 Re8 32. Qb5 Rd8 33. Rc7 Qxh2 34. Qg5 Kg8 35. Rxg7+ 1-0

[Event "Arab-ch"]
[Site "Dubai"]
[Date "2021.11.29"]
[Round "5"]
[White "Elarbi, Abobker"]
[Black "Iyti, Basher"]
[Result "1-0"]
[WhiteElo "2302"]
[BlackElo "2334"]
[PlyCount "142"]
[EventDate "2021.11.26"]
[EventType "swiss"]
[EventRounds "9"]
[EventCountry "UAE"]
[SourceTitle "CBM 205 Extra"]
[Source "ChessBase"]
[SourceDate "2022.01.31"]
[SourceVersion "1"]
[SourceVersionDate "2022.01.31"]
[SourceQuality "1"]

1. e4 c6 2. d4 g6 3. Nf3 Bg7 4. Be2 d5 5. exd5 cxd5 6. 0-0 Nf6 7. c3 0-0 8. h3 Qc7 9. Bd3 Nc6 10. Re1 Nh5 11. Na3 a6 12. Nc2 Nf4 13. Bxf4 Qxf4 14. Qd2 Qxd2 15. Nxd2 e6 16. a3 Bd7 17. Bf1 Na5 18. Nb4 Rfc8 19. Nd3 Bh6 20. Nf3 Nb3 21. Rab1 b5 22. Be2 Bf8 23. Bd1 Na5 24. Nd2 Nc4 25. Nb3 Be8 26. f4 a5 27. Nbc5 Bd6 28. Re2 Nb6 29. Kf2 Nd7 30. b4 axb4 31. axb4 Ra3 32. Bb3 Nb6 33. g3 Na4 34. Rc2 Bf8 35. Bxa4 bxa4 36. b5 Bd6 37. b6 Kf8 38. b7 Rb8 39. Rb4 Ke7 40. Ke2 Kd8 41. Kd2 Ra1 42. Rb6 Bc7 43. Rbb2 a3 44. Ra2 Rxa2 45. Rxa2 Bc6 46. Rxa3 Bxb7 47. Ra7 Bc6 48. Rxc7 Kxc7 49. Na6+ Kc8 50. Nxb8 Kxb8 51. Ne5 Be8 52. g4 f6 53. Nf3 Kc7 54. g5 f5 55. Kc2 Kb6 56. Kb3 Ka5 57. c4 dxc4+ 58. Kxc4 Kb6 59. Ne5 Bb5+ 60. Kb4 Be8 61. h4 Bb5 62. Kc3 Be8 63. d5 Kc5 64. dxe6 Kd5 65. Kd3 Bb5+ 66. Ke3 Kxe6 67. Kd4 Kd6 68. Nf3 Bc6 69. Nd2 Bd5 70. Nb1 Bb7 71. Na3 Bd5 1-0

[Event "Arab-ch"]
[Site "Dubai"]
[Date "2021.11.27"]
[Round "2"]
[White "Tissir, Mohamed"]
[Black "Iyti, Basher"]
[Result "1-0"]
[WhiteElo "2376"]
[BlackElo "2334"]
[PlyCount "123"]
[EventDate "2021.11.26"]
[EventType "swiss"]
[EventRounds "9"]
[EventCountry "UAE"]
[SourceTitle "CBM 205 Extra"]
[Source "ChessBase"]
[SourceDate "2022.01.31"]
[SourceVersion "1"]
[SourceVersionDate "2022.01.31"]
[SourceQuality "1"]

1. e4 d6 2. d4 Nf6 3. Nc3 Nbd7 4. Nf3 e5 5. Bc4 Be7 6. 0-0 c6 7. a4 Qc7 8. Ba2 h6 9. Re1 Nf8 10. Nh4 g6 11. Nf3 g5 12. dxe5 dxe5 13. Nd2 Bg4 14. f3 Bc5+ 15. Kh1 Be6 16. Nc4 Rd8 17. Qe2 Ng6 18. Be3 Bd4 19. Qf2 0-0 20. Ne2 Bxe3 21. Qxe3 b5 22. Nd2 Bxa2 23. Rxa2 Qb6 24. Nf1 bxa4 25. Qxb6 axb6 26. Rxa4 g4 27. fxg4 Nxg4 28. Kg1 Ne7 29. Ra7 Rfe8 30. Neg3 Kf8 31. h3 Nf6 32. Ne3 Rd4 33. Rf1 Nxe4 34. Ngf5 Nd2 35. Rf2 Ne4 36. Rf1 Nd2 37. Rf2 Ne4 38. Nxd4 Nxf2 39. Nf3 Ne4 40. Nxe5 b5 41. Rc7 Ng5 42. N3g4 Ne6 43. Ra7 Rd8 44. Nxh6 Rd1+ 45. Kh2 Rd2 46. Nhxf7 Rxc2 47. Nh6 Nf4 48. Kg3 Nxg2 49. h4 Rxb2 50. h5 Ne3 51. Kf3 Rb3 52. Ke4 N3d5 53. Ng6+ Ke8 54. Nf5 Nf6+ 55. Ke5 Nxf5 56. Kxf6 Ng3 57. h6 Rf3+ 58. Ke6 Re3+ 59. Ne5 Rxe5+ 60. Kxe5 Kf8 61. Ra8+ Kf7 62. h7 1-0

[Event "Online Olym Div3 A"]
[Site "Chess.com INT"]
[Date "2020.08.09"]
[Round "8.4"]
[White "Iyti, Basher"]
[Black "Ashiku, Franc"]
[Result "1-0"]
[WhiteElo "2341"]
[BlackElo "2419"]
[PlyCount "75"]
[EventDate "2020.08.07"]
[EventType "team-tourn (rapid)"]
[EventRounds "9"]
[EventCountry "USA"]
[SourceTitle "CBM 198"]
[Source "ChessBase"]
[SourceDate "2020.10.31"]
[SourceVersion "1"]
[SourceVersionDate "2020.10.31"]
[SourceQuality "1"]
[WhiteTeam "Syria"]
[BlackTeam "Albania"]
[WhiteTeamCountry "SYR"]
[BlackTeamCountry "ALB"]

1. Nc3 e5 2. Nf3 Nc6 3. d4 exd4 4. Nxd4 Nf6 5. Bg5 Be7 6. Nf5 0-0 7. Nxe7+ Qxe7 8. Nd5 Qe5 9. Bxf6 gxf6 10. c3 Ne7 11. Nxe7+ Qxe7 12. e3 f5 13. Qh5 d6 14. Bd3 Qf6 15. g4 Qg6 16. Qh4 Kh8 17. Qe7 Be6 18. 0-0-0 Rac8 19. Rhg1 Qh6 20. gxf5 Rfe8 21. Qg5 Qxg5 22. Rxg5 f6 23. Rh5 Bxa2 24. Rh6 Kg7 25. Rh4 Rg8 26. Be4 b6 27. Bc6 Bf7 28. Rdd4 Rcf8 29. Rde4 Kh8 30. Re7 Rg1+ 31. Kd2 Rg7 32. Rxc7 Be8 33. Rc8 Rgg8 34. Bxe8 Rxe8 35. Rc6 Rd8 36. Kd3 Rd7 37. Rd4 Rg6 38. fxg6 1-0

[Event "Online Olym Div3 A"]
[Site "Chess.com INT"]
[Date "2020.08.08"]
[Round "4.5"]
[White "Jessel, Stephen"]
[Black "Iyti, Basher"]
[Result "1-0"]
[WhiteElo "2297"]
[BlackElo "2341"]
[PlyCount "109"]
[EventDate "2020.08.07"]
[EventType "team-tourn (rapid)"]
[EventRounds "9"]
[EventCountry "USA"]
[SourceTitle "CBM 198"]
[Source "ChessBase"]
[SourceDate "2020.10.31"]
[SourceVersion "1"]
[SourceVersionDate "2020.10.31"]
[SourceQuality "1"]
[WhiteTeam "Ireland"]
[BlackTeam "Syria"]
[WhiteTeamCountry "IRL"]
[BlackTeamCountry "SYR"]

1. Nf3 Nf6 2. c4 e6 3. g3 d5 4. Bg2 c5 5. e3 dxc4 6. Na3 Nc6 7. Nxc4 Be7 8. 0-0 0-0 9. b3 Qc7 10. Bb2 Rd8 11. Qe2 b6 12. d4 Bb7 13. dxc5 Bxc5 14. a3 a5 15. Qc2 h6 16. Rfc1 Qe7 17. Bxf6 Qxf6 18. Nfe5 Nxe5 19. Bxb7 Rab8 20. Be4 Nf3+ 21. Kg2 Ng5 22. Ra2 Rbc8 23. h4 Nxe4 24. Qxe4 Qe7 25. Rac2 Ra8 26. Ne5 Re8 27. Nc6 Qb7 28. b4 Bf8 29. Qf3 axb4 30. axb4 Qa6 31. Ne5 Ra7 32. Rc7 f6 33. b5 Qa2 34. Rxa7 Qxa7 35. Qh5 Ra8 36. Nc6 Qa4 37. Rd1 Qxb5 38. Qxb5 Bc5 39. Rd7 Kh8 40. Nd4 e5 41. Ne6 Rg8 42. Nxc5 bxc5 43. Qxc5 Kh7 44. h5 Kh8 45. Qd5 Kh7 46. Rd8 Rxd8 47. Qxd8 f5 48. Qe8 f4 49. Qg6+ Kh8 50. gxf4 exf4 51. exf4 Kg8 52. f5 Kh8 53. Kg3 Kg8 54. f6 Kh8 55. Qxg7# 1-0

[Event "Online Olym Div4 B"]
[Site "Chess.com INT"]
[Date "2020.07.31"]
[Round "3.3"]
[White "Kimera, Innocent"]
[Black "Iyti, Basher"]
[Result "0-1"]
[WhiteElo "1857"]
[BlackElo "2341"]
[PlyCount "92"]
[EventDate "2020.07.31"]
[EventType "team-tourn (rapid)"]
[EventRounds "9"]
[EventCountry "USA"]
[SourceTitle "CBM 198"]
[Source "ChessBase"]
[SourceDate "2020.10.31"]
[SourceVersion "1"]
[SourceVersionDate "2020.10.31"]
[SourceQuality "1"]
[WhiteTeam "Uganda"]
[BlackTeam "Syria"]
[WhiteTeamCountry "UGA"]
[BlackTeamCountry "SYR"]

1. d4 Nf6 2. Nf3 b5 3. c3 Bb7 4. Bf4 e6 5. e3 b4 6. Be2 a5 7. Bg5 Be7 8. 0-0 0-0 9. Nbd2 bxc3 10. bxc3 c5 11. Bxf6 Bxf6 12. e4 Nc6 13. e5 Be7 14. a3 f6 15. Rb1 Qc7 16. exf6 gxf6 17. dxc5 Bxc5 18. Ne4 Be7 19. Ng3 Kh8 20. Qc1 Rf7 21. Qh6 Rg8 22. Bd3 Ne5 23. Nxe5 fxe5 24. Qh5 Rfg7 25. c4 e4 26. Rxb7 Qxb7 27. Bxe4 Qc7 28. Rd1 Bxa3 29. Qe2 Qe5 30. Qd3 Bc5 31. Bf3 a4 32. Ne4 Be7 33. Ng3 a3 34. Qb3 Bc5 35. Ne4 Rxg2+ 36. Bxg2 Qxe4 37. Qc3+ e5 38. Qh3 a2 39. Kh1 Qb1 40. Qxd7 a1Q 41. Bf3 Bxf2 42. h3 Qxd1+ 43. Bxd1 e4 44. Qd6 e3 45. c5 e2 46. Kh2 exd1Q 0-1

[Event "Olympiad-43"]
[Site "Batumi"]
[Date "2018.09.30"]
[Round "6.63"]
[White "Iyti, Basher"]
[Black "Khader, Sami"]
[Result "1-0"]
[WhiteElo "2259"]
[BlackElo "2405"]
[PlyCount "93"]
[EventDate "2018.09.24"]
[EventType "team-swiss"]
[EventRounds "11"]
[EventCountry "GEO"]
[SourceTitle "CBM 187"]
[Source "ChessBase"]
[SourceDate "2018.12.11"]
[SourceVersion "1"]
[SourceVersionDate "2018.12.11"]
[SourceQuality "1"]
[WhiteTeam "Syria"]
[BlackTeam "Jordan"]
[WhiteTeamCountry "SYR"]
[BlackTeamCountry "JOR"]

1. Nf3 d5 2. b4 e5 3. Nxe5 Bxb4 4. Bb2 Nf6 5. e3 0-0 6. Be2 Re8 7. 0-0 Nc6 8. Nxc6 bxc6 9. c4 Rb8 10. Qc2 Bd6 11. c5 Bxc5 12. Qxc5 Rxb2 13. Qxa7 Ne4 14. Qd4 Rb6 15. d3 c5 16. Qa4 Bd7 17. Qa7 Bb5 18. a4 Ba6 19. Ra2 Nd6 20. Nc3 d4 21. a5 Rc6 22. exd4 Nc8 23. Qa8 Rh6 24. dxc5 Qd4 25. Ne4 f5 26. Ng3 Qxc5 27. d4 Qd6 28. Qxa6 Qxa6 29. Bxa6 Rxa6 30. Nxf5 g6 31. Ne3 Rd8 32. d5 Ne7 33. Rd1 c6 34. d6 Nc8 35. Nc4 c5 36. Rad2 Na7 37. Rd5 Rc6 38. Rb1 Kf8 39. Rb7 Nc8 40. Rxh7 Kg8 41. Rb7 Nxd6 42. Rb1 Kg7 43. Rbd1 Nxc4 44. Rxd8 Ra6 45. Ra1 Nxa5 46. Kf1 Kf6 47. Rd5 1-0

[Event "Istanbul op"]
[Site "Istanbul"]
[Date "2017.09.12"]
[Round "3"]
[White "Iyti, Basher"]
[Black "Romi, Izak"]
[Result "1-0"]
[WhiteElo "2303"]
[BlackElo "1884"]
[PlyCount "59"]
[EventDate "2017.09.11"]
[EventType "swiss"]
[EventRounds "9"]
[EventCountry "TUR"]
[SourceTitle "CBM 180 Extra"]
[Source "ChessBase"]
[SourceDate "2017.10.06"]
[SourceVersion "1"]
[SourceVersionDate "2017.10.06"]
[SourceQuality "1"]

1. d4 Nf6 2. Nf3 e6 3. Bg5 c5 4. c3 d5 5. e3 h6 6. Bh4 Nbd7 7. Nbd2 Be7 8. Bd3 b6 9. a4 a6 10. 0-0 Bb7 11. Qb1 0-0 12. b4 cxb4 13. cxb4 Nh5 14. Bxe7 Qxe7 15. a5 Nhf6 16. axb6 Nxb6 17. b5 a5 18. Nb3 a4 19. Nc5 Ra7 20. Ne5 Qd6 21. Rc1 Rfa8 22. h3 g5 23. Bg6 Rf8 24. Bxf7+ Rxf7 25. Qg6+ Rg7 26. Qxf6 Bc8 27. Nxa4 h5 28. Nxb6 Rxa1 29. Rxa1 Qxb6 30. Ra8 1-0

[Event "Ordu op-A 3rd"]
[Site "Ordu"]
[Date "2017.04.06"]
[Round "4"]
[White "Miron, Lucian Costin"]
[Black "Iyti, Basher"]
[Result "1-0"]
[WhiteElo "2504"]
[BlackElo "2310"]
[PlyCount "73"]
[EventDate "2017.04.04"]
[EventType "swiss"]
[EventRounds "9"]
[EventCountry "TUR"]
[SourceTitle "CBM 177 Extra"]
[Source "ChessBase"]
[SourceDate "2017.04.27"]
[SourceVersion "1"]
[SourceVersionDate "2017.04.27"]
[SourceQuality "1"]

1. d4 b5 2. e4 Bb7 3. Bxb5 Bxe4 4. Nf3 Nf6 5. 0-0 e6 6. Re1 Be7 7. Bg5 c6 8. Bf1 Bxf3 9. Qxf3 Qa5 10. Bd2 Qb6 11. Qb3 d5 12. c4 0-0 13. c5 Qxb3 14. axb3 Ne4 15. Be3 e5 16. f3 exd4 17. Bf2 Nxf2 18. Rxe7 Nd1 19. Ra4 Ne3 20. Bd3 f5 21. Rxd4 f4 22. Rb4 Kh8 23. Rbb7 Rg8 24. Nc3 a5 25. Ne2 Na6 26. Bxa6 Rxa6 27. Nxf4 Nf5 28. Rf7 Nd4 29. Kf2 a4 30. Rb4 a3 31. bxa3 Re8 32. Rxd4 Rxa3 33. Rb4 Ra2+ 34. Kg3 Rc2 35. Rbb7 Rxc5 36. Rxg7 Rg8 37. Ng6+ 1-0

[Event "Ordu op-A 3rd"]
[Site "Ordu"]
[Date "2017.04.05"]
[Round "3"]
[White "Iyti, Basher"]
[Black "Haznedaroglu, Kivanc"]
[Result "0-1"]
[WhiteElo "2310"]
[BlackElo "2496"]
[PlyCount "114"]
[EventDate "2017.04.04"]
[EventType "swiss"]
[EventRounds "9"]
[EventCountry "TUR"]
[SourceTitle "CBM 177 Extra"]
[Source "ChessBase"]
[SourceDate "2017.04.27"]
[SourceVersion "1"]
[SourceVersionDate "2017.04.27"]
[SourceQuality "1"]

1. e4 c5 2. c3 Nf6 3. d3 d5 4. Nd2 Nc6 5. Ngf3 e5 6. Be2 Be7 7. 0-0 0-0 8. Re1 Re8 9. Bf1 Bf8 10. a3 b6 11. b4 Bg4 12. b5 Na5 13. h3 Bh5 14. g4 Bg6 15. Nh4 c4 16. Nxg6 hxg6 17. dxc4 Nxe4 18. Nxe4 dxe4 19. Qe2 Rc8 20. Qxe4 Qc7 21. h4 Nxc4 22. h5 Nd6 23. Qe2 gxh5 24. gxh5 Qxc3 25. Bb2 Qb3 26. Rac1 Rxc1 27. Rxc1 Nf5 28. Rc3 Qd5 29. Qg4 Nh6 30. Qh3 Bc5 31. Rd3 Qe4 32. Qf3 Qxf3 33. Rxf3 Bd4 34. Bxd4 exd4 35. Rf4 Rd8 36. Bd3 f6 37. Re4 Kf8 38. Kf1 Nf7 39. f4 Rd6 40. a4 Nd8 41. Re1 Nb7 42. Bg6 Rd8 43. Rc1 Nc5 44. a5 Ke7 45. axb6 axb6 46. Ra1 Kd6 47. Bf5 Re8 48. Ra7 Re7 49. Ra8 Kd5 50. Rb8 d3 51. Bxd3 Nxd3 52. Rxb6 Re1+ 53. Kg2 Nxf4+ 54. Kf2 Re6 55. Rb8 Nxh5 56. b6 Kc6 57. b7 Re5 0-1

[Event "Istanbul op"]
[Site "Istanbul"]
[Date "2016.08.31"]
[Round "4"]
[White "Dastan, Batuhan Muhammed"]
[Black "Iyti, Basher"]
[Result "1-0"]
[WhiteElo "2480"]
[BlackElo "2313"]
[PlyCount "43"]
[EventDate "2016.08.29"]
[EventType "swiss"]
[EventRounds "9"]
[EventCountry "TUR"]
[SourceTitle "CBM 174 Extra"]
[Source "ChessBase"]
[SourceDate "2016.10.10"]
[SourceVersion "1"]
[SourceVersionDate "2016.10.10"]
[SourceQuality "1"]

1. e4 g6 2. d4 c6 3. Nc3 Bg7 4. Nf3 d6 5. Be2 Nf6 6. 0-0 0-0 7. h3 Qc7 8. a4 e5 9. dxe5 dxe5 10. Bc4 Ne8 11. Be3 Nd6 12. Bb3 a5 13. Qd2 Rd8 14. Rad1 Rd7 15. Qc1 b6 16. Bh6 Ba6 17. Bxg7 Kxg7 18. Nxe5 Bxf1 19. Nxd7 Nxd7 20. Qf4 Ba6 21. Rxd6 Kh8 22. e5 1-0

[Event "Mediterranean-ch 10th"]
[Site "Beirut"]
[Date "2015.10.21"]
[Round "5"]
[White "Najjar, Ahmad"]
[Black "Iyti, Basher"]
[Result "0-1"]
[WhiteElo "2222"]
[BlackElo "2299"]
[PlyCount "74"]
[EventDate "2015.10.16"]
[EventType "swiss"]
[EventRounds "9"]
[EventCountry "LBN"]
[SourceTitle "EXT 2018"]
[Source "ChessBase"]
[SourceDate "2017.10.13"]
[SourceVersion "1"]
[SourceVersionDate "2017.10.13"]
[SourceQuality "1"]

1. g3 Nf6 2. c4 c6 3. Bg2 d5 4. cxd5 cxd5 5. Nf3 Nc6 6. d3 e5 7. 0-0 h6 8. a3 Bd6 9. b4 0-0 10. Bb2 Qe7 11. b5 Na5 12. Nbd2 a6 13. a4 d4 14. e3 dxe3 15. fxe3 Ng4 16. Re1 f5 17. Nh4 Qf7 18. Bc3 Bc7 19. Rb1 axb5 20. axb5 Bb6 21. Nf1 f4 22. Nf3 fxe3 23. Qe2 Be6 24. Nxe5 Qc7 25. Nxg4 Qxc3 26. Ngxe3 Nb3 27. Kh1 Nd4 28. Qd2 Qc5 29. Rec1 Qh5 30. Nc4 Bc5 31. Re1 Nf3 32. Qd1 Bg4 33. Qb3 Nxe1 34. Rxe1 Kh8 35. Qc2 Rf2 36. Ncd2 Bh3 37. Bxh3 Qxh3 0-1

[Event "Mediterranean-ch 10th"]
[Site "Beirut"]
[Date "2015.10.16"]
[Round "1"]
[White "Zenaidi, Kais"]
[Black "Iyti, Basher"]
[Result "0-1"]
[WhiteElo "1888"]
[BlackElo "2299"]
[PlyCount "76"]
[EventDate "2015.10.16"]
[EventType "swiss"]
[EventRounds "9"]
[EventCountry "LBN"]
[SourceTitle "EXT 2018"]
[Source "ChessBase"]
[SourceDate "2017.10.13"]
[SourceVersion "1"]
[SourceVersionDate "2017.10.13"]
[SourceQuality "1"]

1. e4 g6 2. d4 Bg7 3. Nc3 d6 4. Be3 Nc6 5. Qd2 e5 6. Nge2 Nf6 7. f3 0-0 8. 0-0-0 exd4 9. Nxd4 Nxd4 10. Bxd4 Be6 11. Be3 Re8 12. Bh6 Bh8 13. Kb1 c6 14. Qxd6 Qa5 15. Qd2 b5 16. Nd5 Qa4 17. b3 Nxd5 18. exd5 Qa3 19. Qc1 Qxc1+ 20. Bxc1 Bxd5 21. Bb2 b4 22. Bxh8 Kxh8 23. Bd3 Kg7 24. Rhe1 f5 25. Kc1 Kf6 26. Kd2 a5 27. a4 g5 28. Rxe8 Rxe8 29. Re1 Rxe1 30. Kxe1 h5 31. Kd2 Ke5 32. Ke3 f4+ 33. Kd2 Kd4 34. h3 h4 35. Ba6 c5 36. Be2 c4 37. Bd1 c3+ 38. Ke1 Ke3 0-1